Meghalt az egyetem gazdasági hivatalának igazgatója [rövid hír]
Elmentve itt :
| Dokumentumtípus: | Cikk |
|---|---|
| Megjelent: |
1926-08-07
|
| Sorozat: | Délmagyarország
2 No. 181 |
| Kulcsszavak: | Orbán Sándor, Nekrológ |
| Online Access: | http://dmarchiv.bibl.u-szeged.hu/37758 |
| LEADER | 00452nab a2200145 i 4500 | ||
|---|---|---|---|
| 001 | delm37758 | ||
| 005 | 20180927112925.0 | ||
| 008 | 180927s1926 hu o 0|| hun d | ||
| 040 | |a SZTE Délmagyarország Archívum |b hun | ||
| 041 | |a hun | ||
| 245 | 0 | 0 | |a Meghalt az egyetem gazdasági hivatalának igazgatója |h [elektronikus dokumentum] : |b [rövid hír] |
| 260 | |c 1926-08-07 | ||
| 300 | |a 6 | ||
| 490 | 0 | |a Délmagyarország |v 2 No. 181 | |
| 695 | |a Orbán Sándor, Nekrológ | ||